| 000 | 005080000a22001930004500 | ||
|---|---|---|---|
| 082 | _aCD555 | ||
| 530 | _aCD | ||
| 100 | _aAcharya, Bishnu prasad | ||
| 245 | _aGanesh Bishamko jiwani, Vyaktitwa ra krititwako adhyayan | ||
| 260 | _aKathmandu, Nepal | ||
| 502 |
_aDissertation _bDegree in Nepali, Tribhuvan University |
||
| 260 | _c2063 B.S. | ||
| 041 | _aNep | ||
| 650 | _aNepali literature | ||
| 650 | _aDissertations | ||
| 650 | _aLiterary criticism | ||
| 650 | _aLiterary history | ||
| 942 | _cGEN | ||
| 999 |
_c39771 _d39771 |
||